=LDR 00000nam 2200000 4500 =001 INLIS000000000022609 =005 20130612121341 =008 ***********************************Ind** =035 ##$$0010-061300000022609 =041 ##$$a Ind =082 ##$$a 650 =090 ##$$a 650, Kas-s =100 ##$$a Kasmir =245 ##$$a Study kelayakan bisnis, Kasmis =260 ##$$a 2004 $b Jakarta =300 ##$$a x, 356 hlm., ilus, 23 cm =650 ##$$a Bisnis =850 ##$$a NBPNMAT